Reflexive modernization : (Record no. 431)
[ view plain ]
| 000 -LEADER | |
|---|---|
| fixed length control field | 00777cam a2200253 a 4500 |
| 001 - CONTROL NUMBER | |
| control field | 655662 |
| 005 - DATE AND TIME OF LATEST TRANSACTION | |
| control field | 20240220010352.0 |
| 008 - FIXED-LENGTH DATA ELEMENTS--GENERAL INFORMATION | |
| fixed length control field | 940902r19941994cau b 001 0 eng d |
| 020 ## - INTERNATIONAL STANDARD BOOK NUMBER | |
| ISBN | 0745612776 |
| 020 ## - INTERNATIONAL STANDARD BOOK NUMBER | |
| ISBN | 0745612784 (pbk.) |
| 040 ## - CATALOGING SOURCE (பட்டியலாக்க மூலம்) | |
| Original cataloging agency | NHC |
| Transcribing agency | NHC |
| Modifying agency | DLC |
| 082 ## - DDC Classification | |
| DDC Edition Number | 22 |
| Class No. | 320.954. |
| Item Number - Author Mark | REF. |
| 100 1# - MAIN ENTRY--PERSONAL NAME | |
| Personal name | Beck, Ulrich, |
| 245 10 - TITLE STATEMENT | |
| Title | Reflexive modernization : |
| Remainder of title | politics, tradition and aesthetics in the modern social order / |
| Statement of responsibility, etc. | Ulrich Beck, Anthony Giddens and Scott Lash. |
| 250 ## - EDITION STATEMENT | |
| Edition statement | 1st. |
| 260 ## - PUBLICATION, DISTRIBUTION, ETC. | |
| Place of publication, distribution, etc. | Stanford, Calif. : |
| Name of publisher, distributor, etc. | Stanford University Press, |
| Date of publication, distribution, etc. | 1994. |
| 300 ## - PHYSICAL DESCRIPTION | |
| Extent (e.g. Volumes, Pages etc.) | viii, 225 p. ; |
| 650 #0 - SUBJECT ADDED ENTRY--TOPICAL TERM | |
| Topical term or geographic name entry element | Social structure. |
| 650 #0 - SUBJECT ADDED ENTRY--TOPICAL TERM | |
| Topical term or geographic name entry element | Postmodernism. |
| 650 #0 - SUBJECT ADDED ENTRY--TOPICAL TERM | |
| Topical term or geographic name entry element | Civilization, Modern. |
| 700 1# - ADDED ENTRY--PERSONAL NAME | |
| Personal name | Giddens, Anthony. |
| Relator term (Role) | Editor |
| 700 1# - ADDED ENTRY--PERSONAL NAME | |
| Personal name | Lash, Scott. |
| Relator term (Role) | Editor |
| 942 ## - Koha item type (Biblio) | |
| Koha item type | Books in Stacks (Lending) |
| Lost status | Damaged status | Collection code | Home library | Current library | Date acquired | Full call number | Accession Number | Item type |
|---|---|---|---|---|---|---|---|---|
| Lending | WERC Library | WERC Library | 02/20/2024 | 320.954. REF. | 2304 | Books in Stacks (Lending) |
